| 000 | 00939cam a2200301 a 4500 | ||
|---|---|---|---|
| 001 | 000003518 | ||
| 005 | 20200929150453.0 | ||
| 008 | 921016s1996 sp 000 1 spa d | ||
| 020 | _a8408014765 | ||
| 041 | 1 | 7 |
_aspa _heng _2código de idioma MARC |
| 082 |
_a813.54 _bG869c, 1996 |
||
| 100 | 1 |
_aGrisham, John, _d1955- _910906 |
|
| 240 | 1 | 7 |
_aThe client. _lEspañol |
| 245 | 1 | 3 |
_aEl cliente / _cJohn Grisham ; traducción de Enric Tremps. |
| 250 | _a4a ed. | ||
| 260 |
_aBarcelona : _bPlaneta, _c1996. |
||
| 300 |
_a418 p. ; _c23 cm. |
||
| 490 | 1 |
_aColección Contemporánea _v179 |
|
| 534 |
_pTítulo original: _tThe client |
||
| 650 | 4 |
_aLiteratura estadounidense _9263 |
|
| 650 | 4 |
_aNovela estadounidense _9262 |
|
| 700 | 1 |
_aTremps, Enric, _etr. _910907 |
|
| 830 | 0 |
_aColección Contemporánea ; _v179 _910908 |
|
| 910 | _aCatalogación por copia / LC | ||
| 910 | _aJornada de catalogación | ||
| 910 | _aWM | ||
| 999 |
_c3344 _d3344 |
||
| 040 | _aDO-SdBNP | ||